S-Z

Guardado en:
書目詳細資料
主要作者: Barthes, Roland
格式: 圖書
語言:Undetermined
出版: París, Francia Seuil 1970
主題:
標簽: 添加標簽
沒有標簽, 成為第一個標記此記錄!

MARC

LEADER 00000nam a2200000Ia 4500
008 170316s9999 xx 000 0 und d
090 |a 801 B-7sz 
100 |a Barthes, Roland 
245 |a S-Z 
260 |a París, Francia 
260 |b Seuil 
260 |c 1970 
300 |a 277 páginas 
650 |a TEORÍA LITERARIA 
650 |a ANÁLISIS LITERARIO 
650 |a HONORE DE BALZAC - SARRASINE 
650 |a EN IDIOMA FRANCÉS 
999 |c 20142  |d 20142 
040 |a cru BVZT 
942 |c 15 D  |h 801 B-7sz  |2 z